000
00319nam a2200109Ia 4500
008
171211s9999 xx 000 0 und d
245
_a
Musical Symbolism in the Operas of Debussy and Bartók
245
_c
Elliott Antokoletz
260
_c
2004
650
_x
music
856
_u
http://down.ebook777.com/060/0195103831.pdf
999
_c
348683
_d
348683